| 000 | 01483cam a22002891 4500 | ||
|---|---|---|---|
| 001 | he 68003336 | ||
| 003 | DLC | ||
| 005 | 20260227111505.0 | ||
| 008 | 880725s1968 is 000 0 heb | ||
| 010 | _ahe 68003336 | ||
| 035 | _a(OCoLC)18264719 | ||
| 040 |
_aDLC _cCU _dCU _dDLC |
||
| 042 | _apremarc | ||
| 050 | 0 | 0 |
_aBM506.B63 _bA33 |
| 100 | 0 |
_aShemuʼel ben Yehoshuʻa Zelig, _cmi-Dolhinoṿ, _d-1858. |
|
| 245 | 1 | 0 |
_aMinḥat Shemuʼel ... _bʻal masekhet Berakhot _c[ʻaśiti Shemuʼel BAA. Yehoshuaʻ ha-mekhuneh Zelig mi-Dalhinaṿ] u-vet Natan [shinui nusḥaʼot be-masekhet Berakhot me-Talmud Bavli, ʻal pi KY. Ḳadmon. Ṿe-hosafti ʻalaṿ nofekh mishle le-haʻir ʻal kol ha-devarim ha-temuhim. Uve-sofo pisḳe Rabenu Yeshaʻyahu mi-Ṭrani ha-rishon ʻal masekhet zo. ha-Meʼasef ṿeha-meʼir Naḥman Natan Ḳoronel] |
| 260 |
_a[Yerushalayim, _ble-haśig: A. ṿe-Z. Shapira, _c1968] |
||
| 300 |
_a3 v. in 1 (100 p., 40 l.) _c31 cm. |
||
| 500 | _aCover title. | ||
| 500 | _aEach v. has special t. p. including original imprints: v. 1-2, Ṿilna, bi-defus Man; ṿe-R. Śimḥah Zimel, 602 [1841 or 2]; v. 3, Wien, Gedruckt bei A. della Torre, 1854. | ||
| 500 | _aVol. 3 has added t. p. in Latin. | ||
| 630 | 0 | 0 |
_aTalmud. _pBerakhot _xCommentaries. |
| 630 | 0 | 0 |
_aTalmud. _pBerakhot _xCriticism, Textual. |
| 700 | 0 |
_aIsaiah ben Mali, _cdi Trani, _dapproximately 1200- |
|
| 700 | 1 |
_aCoronel, Naḥman Nathan, _d1810-1890. _tBet Natan. |
|
| 740 | 0 | _aBet Natan. | |
| 999 |
_c33857 _d33857 |
||